00313nam a2200121Ia 4500008004100000041000800041082001400049100001700063245003200080260004100112300003100153365000700184240624s9999 xx 000 0 und d aeng a658.3 BID aBIDDLE DEREK aHUMAN ASPECTS OF MANAGEMENT c2003aMumbaibJaico Publishing House axvi, : 234 : p. : cm. ; 22 cRS